<?xml version="1.0" encoding="UTF-8"?>
<record
    xmlns:xsi="http://www.w3.org/2001/XMLSchema-instance"
    xsi:schemaLocation="http://www.loc.gov/MARC21/slim http://www.loc.gov/standards/marcxml/schema/MARC21slim.xsd"
    xmlns="http://www.loc.gov/MARC21/slim">

  <leader>00556nam a2200193Ia 4500</leader>
  <controlfield tag="003">IN-BaIIA</controlfield>
  <controlfield tag="008">211028s9999    xx            000 0 eng d</controlfield>
  <datafield tag="020" ind1=" " ind2=" ">
    <subfield code="a">13-469056-7</subfield>
  </datafield>
  <datafield tag="040" ind1=" " ind2=" ">
    <subfield code="c">IIA Library</subfield>
  </datafield>
  <datafield tag="080" ind1=" " ind2=" ">
    <subfield code="a">621.38</subfield>
    <subfield code="b">HOL</subfield>
  </datafield>
  <datafield tag="245" ind1=" " ind2="0">
    <subfield code="a">Integrated electronic systems</subfield>
    <subfield code="c">edited by Nick Holonyak Jr.</subfield>
  </datafield>
  <datafield tag="260" ind1=" " ind2=" ">
    <subfield code="a">Englewoodcliffs, N. J.</subfield>
    <subfield code="b">Prentice-Hall</subfield>
    <subfield code="c">1970</subfield>
  </datafield>
  <datafield tag="300" ind1=" " ind2=" ">
    <subfield code="a">xvi, 472p.</subfield>
  </datafield>
  <datafield tag="490" ind1=" " ind2=" ">
    <subfield code="a">Solid State Physical Electronics Series</subfield>
  </datafield>
  <datafield tag="650" ind1=" " ind2=" ">
    <subfield code="a">Circuits</subfield>
    <subfield code="9">1974</subfield>
  </datafield>
  <datafield tag="650" ind1=" " ind2=" ">
    <subfield code="a">Electronics</subfield>
    <subfield code="9">1576</subfield>
  </datafield>
  <datafield tag="700" ind1=" " ind2=" ">
    <subfield code="a">Holonyak, Nick., ed.</subfield>
    <subfield code="9">6753</subfield>
  </datafield>
  <datafield tag="942" ind1=" " ind2=" ">
    <subfield code="c">BK</subfield>
  </datafield>
  <datafield tag="999" ind1=" " ind2=" ">
    <subfield code="c">3804</subfield>
    <subfield code="d">3804</subfield>
  </datafield>
  <datafield tag="952" ind1=" " ind2=" ">
    <subfield code="0">0</subfield>
    <subfield code="1">0</subfield>
    <subfield code="4">0</subfield>
    <subfield code="7">0</subfield>
    <subfield code="a">BAN</subfield>
    <subfield code="b">KAV</subfield>
    <subfield code="c">GEN</subfield>
    <subfield code="d">1971-07-24</subfield>
    <subfield code="g">122.04</subfield>
    <subfield code="l">0</subfield>
    <subfield code="o">621.38/ HOL</subfield>
    <subfield code="p">4248</subfield>
    <subfield code="r">2021-11-05</subfield>
    <subfield code="v">122.04</subfield>
    <subfield code="w">1971-07-24</subfield>
    <subfield code="y">BK</subfield>
    <subfield code="G">Rs. 122.04</subfield>
  </datafield>
</record>
